Obsahové vymedzenie a účtovné zobrazenie obstarávania a odpisovania dlhodobého hmotného majetku bakalárska práca

Gespeichert in:
Bibliographische Detailangaben
1. Verfasser: Satinová, Daniela
Körperschaft: Fakulta hospodárskej informatiky EU. Katedra účtovníctva a audítorstva
Weitere Verfasser: Sklenka, Miloš
Format: Buch
Sprache:Slowakisch
Veröffentlicht: Bratislava 2010
Tags: Tag hinzufügen
Keine Tags, Fügen Sie das erste Tag hinzu!

MARC

LEADER 00000nbm a2200000 4500
001 0133740
005 20161109111547.1
041 0 |a slo 
044 |a SK 
245 1 0 |a Obsahové vymedzenie a účtovné zobrazenie obstarávania a odpisovania dlhodobého hmotného majetku  |b bakalárska práca  |c Daniela Satinová ; školiteľ: Miloš Sklenka 
264 1 |a Bratislava  |c 2010 
300 |a 42 s. 
100 1 |a Satinová, Daniela 
700 1 |a Sklenka, Miloš 
710 2 |a Fakulta hospodárskej informatiky EU. Katedra účtovníctva a audítorstva